[Event "DVM U16 2023"]
[Site "Magdeburg GER"]
[Date "2023.12.27"]
[Round "2"]
[White "Uhlmann, Tim"]
[Black "Nönnig, Jakob"]
[Result "1/2-1/2"]
[Termination "normal"]
[Board "2.3"]
[WhiteElo "1934"]
[BlackElo "1789"]
[WhiteClock "00:56:48"]
[BlackClock "00:01:33"]
[WhiteTeam "OSG Baden-Baden"]
[BlackTeam "Schachzwerge Magdeburg"]
[PlyCount "115"]
[WhiteFideId "16239210"]
[BlackFideId "16289447"]
[EventCountry "GER"]
[EventRounds "7"]
[EventType "team-swiss"]
[EventDate "2023.12.26"]

1. e4 {[%clk 01:30:46]} {[%emt 00:00:13]} e5 {[%clk 01:30:55]} {[%emt
00:00:06]} 2. Nf3 {[%clk 01:31:10]} {[%emt 00:00:06]} Nc6 {[%clk 01:31:19]}
{[%emt 00:00:05]} 3. Bc4 {[%clk 01:31:33]} {[%emt 00:00:07]} Bc5 {[%clk
01:31:43]} {[%emt 00:00:07]} 4. O-O {[%clk 01:31:53]} {[%emt 00:00:09]} Nf6
{[%clk 01:30:17]} {[%emt 00:01:58]} 5. d4 {[%clk 01:32:13]} {[%emt 00:00:09]}
Bxd4 {[%clk 01:28:56]} {[%emt 00:01:51]} 6. Nxd4 {[%clk 01:32:24]} {[%emt
00:00:19]} Nxd4 {[%clk 01:29:20]} {[%emt 00:00:05]} 7. Bg5 {[%clk 01:32:43]}
{[%emt 00:00:11]} d6 {[%clk 01:23:42]} {[%emt 00:06:09]} 8. f4 {[%clk
01:32:12]} {[%emt 00:01:00]} Be6 {[%clk 01:22:41]} {[%emt 00:01:32]} 9. Na3
{[%clk 01:32:21]} {[%emt 00:00:20]} Qe7 {[%clk 01:13:21]} {[%emt 00:09:51]} 10.
f5 {[%clk 01:31:49]} {[%emt 00:01:02]} Bxc4 {[%clk 01:01:26]} {[%emt 00:12:25]}
11. Nxc4 {[%clk 01:32:01]} {[%emt 00:00:17]} O-O-O {[%clk 01:01:30]} {[%emt
00:00:27]} 12. c3 {[%clk 01:31:34]} {[%emt 00:00:57]} Nc6 {[%clk 01:01:46]}
{[%emt 00:00:14]} 13. Ne3 {[%clk 01:31:51]} {[%emt 00:00:13]} Qf8 {[%clk
00:59:35]} {[%emt 00:02:40]} 14. Bxf6 {[%clk 01:30:22]} {[%emt 00:01:59]} gxf6
{[%clk 01:00:03]} {[%emt 00:00:02]} 15. Nd5 {[%clk 01:30:34]} {[%emt 00:00:19]}
Qg7 {[%clk 00:56:47]} {[%emt 00:03:46]} 16. b4 {[%clk 01:29:01]} {[%emt
00:02:02]} Rde8 {[%clk 00:54:35]} {[%emt 00:02:42]} 17. Rf3 {[%clk 01:26:53]}
{[%emt 00:02:38]} h5 {[%clk 00:49:29]} {[%emt 00:05:37]} 18. Rg3 {[%clk
01:19:45]} {[%emt 00:07:37]} Qh6 {[%clk 00:49:40]} {[%emt 00:00:20]} 19. Qe2
{[%clk 01:11:03]} {[%emt 00:09:10]} Ne7 {[%clk 00:47:44]} {[%emt 00:02:27]} 20.
Ne3 {[%clk 01:10:17]} {[%emt 00:01:16]} h4 {[%clk 00:44:09]} {[%emt 00:04:06]}
21. Rg4 {[%clk 01:08:51]} {[%emt 00:01:54]} Reg8 {[%clk 00:43:12]} {[%emt
00:01:28]} 22. h3 {[%clk 01:08:14]} {[%emt 00:01:08]} Rxg4 {[%clk 00:39:21]}
{[%emt 00:04:21]} 23. Nxg4 {[%clk 01:06:57]} {[%emt 00:01:46]} Qg5 {[%clk
00:38:50]} {[%emt 00:01:01]} 24. Qf2 {[%clk 01:05:29]} {[%emt 00:01:56]} Kb8
{[%clk 00:36:58]} {[%emt 00:02:25]} 25. Ne3 {[%clk 01:01:30]} {[%emt 00:04:28]}
Rg8 {[%clk 00:34:27]} {[%emt 00:03:02]} 26. b5 {[%clk 00:59:57]} {[%emt
00:02:01]} Qg3 {[%clk 00:29:04]} {[%emt 00:05:55]} 27. Qxg3 {[%clk 00:56:48]}
{[%emt 00:03:39]} Rxg3 {[%clk 00:29:27]} {[%emt 00:00:07]} 28. Re1 {[%clk
00:57:04]} {[%emt 00:00:12]} c6 {[%clk 00:24:08]} {[%emt 00:05:51]} 29. c4
{[%clk 00:55:47]} {[%emt 00:01:47]} Kc7 {[%clk 00:19:57]} {[%emt 00:04:40]} 30.
a4 {[%clk 00:54:55]} {[%emt 00:01:23]} Kb6 {[%clk 00:00:57]} {[%emt 00:19:30]}
31. Kf2 {[%clk 00:54:24]} {[%emt 00:00:59]} Ng8 {[%clk 00:00:41]} {[%emt
00:00:56]} 32. Rd1 {[%clk 00:52:29]} {[%emt 00:02:24]} Kc7 {[%clk 00:00:53]}
{[%emt 00:00:19]} 33. a5 {[%clk 00:51:03]} {[%emt 00:01:55]} Ne7 {[%clk
00:00:52]} {[%emt 00:00:31]} 34. Rd3 {[%clk 00:47:50]} {[%emt 00:03:41]} Kd7
{[%clk 00:00:33]} {[%emt 00:00:50]} 35. Rd2 {[%clk 00:42:33]} {[%emt 00:05:47]}
Kc7 {[%clk 00:00:49]} {[%emt 00:00:16]} 36. Rd1 {[%clk 00:42:02]} {[%emt
00:01:00]} Ng8 {[%clk 00:00:34]} {[%emt 00:00:45]} 37. b6+ {[%clk 00:35:16]}
{[%emt 00:07:15]} axb6 {[%clk 00:00:38]} {[%emt 00:00:27]} 38. axb6+ {[%clk
00:35:40]} {[%emt 00:00:06]} Kxb6 {[%clk 00:01:06]} {[%emt 00:00:02]} 39. Rxd6
{[%clk 00:35:54]} {[%emt 00:00:16]} Rg7 {[%clk 00:01:01]} {[%emt 00:00:35]} 40.
Rd7 {[%clk 00:34:38]} {[%emt 00:01:45]} Nh6 {[%clk 00:00:46]} {[%emt 00:00:46]}
41. Ke2 {[%clk 00:33:41]} {[%emt 00:01:26]} Kc5 {[%clk 00:16:31]} {[%emt
00:14:45]} 42. Rxb7 {[%clk 01:03:53]} {[%emt 00:00:17]} Rg8 {[%clk 00:16:27]}
{[%emt 00:00:35]} 43. Ra7 {[%clk 01:00:26]} {[%emt 00:03:57]} Kd4 {[%clk
00:14:39]} {[%emt 00:02:19]} 44. Rd7+ {[%clk 00:58:57]} {[%emt 00:01:57]} Kxe4
{[%clk 00:12:57]} {[%emt 00:02:14]} 45. Rd6 {[%clk 00:55:13]} {[%emt 00:04:11]}
Rg3 {[%clk 00:10:47]} {[%emt 00:02:43]} 46. Nd1 {[%clk 00:54:59]} {[%emt
00:00:42]} Rxg2+ {[%clk 00:03:59]} {[%emt 00:07:20]} 47. Kf1 {[%clk 00:54:38]}
{[%emt 00:00:49]} Rc2 {[%clk 00:01:25]} {[%emt 00:03:04]} 48. Rxf6 {[%clk
00:54:41]} {[%emt 00:00:28]} Rc1 {[%clk 00:01:18]} {[%emt 00:00:38]} 49. Ke2
{[%clk 00:54:25]} {[%emt 00:00:44]} Rc2+ {[%clk 00:00:50]} {[%emt 00:00:59]}
50. Ke1 {[%clk 00:54:35]} {[%emt 00:00:17]} Ng8 {[%clk 00:00:52]} {[%emt
00:00:32]} 51. Rxc6 {[%clk 00:54:48]} {[%emt 00:00:16]} Ne7 {[%clk 00:00:44]}
{[%emt 00:00:39]} 52. Rf6 {[%clk 00:54:55]} {[%emt 00:00:21]} Rxc4 {[%clk
00:00:47]} {[%emt 00:00:29]} 53. Rxf7 {[%clk 00:55:16]} {[%emt 00:00:09]} Nxf5
{[%clk 00:00:46]} {[%emt 00:00:31]} 54. Rxf5 {[%clk 00:55:36]} {[%emt
00:00:09]} Kxf5 {[%clk 00:00:52]} {[%emt 00:00:24]} 55. Ne3+ {[%clk 00:56:01]}
{[%emt 00:00:05]} Kf4 {[%clk 00:01:16]} {[%emt 00:00:06]} 56. Nxc4 {[%clk
00:56:26]} {[%emt 00:00:05]} Kg3 {[%clk 00:01:41]} {[%emt 00:00:05]} 57. Nxe5
{[%clk 00:56:48]} {[%emt 00:00:08]} Kxh3 {[%clk 00:01:33]} {[%emt 00:00:39]}
58. Ng6 1/2-1/2

[Event "DVM U16 2023"]
[Site "Magdeburg GER"]
[Date "2023.12.27"]
[Round "2"]
[White "Petzold, Johannes Julius"]
[Black "Neves, Carlos"]
[Result "1-0"]
[Termination "normal"]
[Board "2.4"]
[WhiteElo "1618"]
[BlackElo "1721"]
[WhiteClock "00:38:20"]
[BlackClock "00:48:11"]
[WhiteTeam "Schachzwerge Magdeburg"]
[BlackTeam "OSG Baden-Baden"]
[PlyCount "59"]
[WhiteFideId "16289455"]
[BlackFideId "16258320"]
[EventCountry "GER"]
[EventRounds "7"]
[EventType "team-swiss"]
[EventDate "2023.12.26"]

1. e4 {[%clk 01:30:59]} c5 {[%clk 01:30:53]} {[%emt 00:00:08]} 2. Nf3 {[%clk
01:31:26]} {[%emt 00:00:03]} g6 {[%clk 01:31:16]} {[%emt 00:00:07]} 3. d4
{[%clk 01:31:51]} {[%emt 00:00:05]} cxd4 {[%clk 01:31:41]} {[%emt 00:00:05]} 4.
Nxd4 {[%clk 01:32:17]} {[%emt 00:00:04]} Nf6 {[%clk 01:32:05]} {[%emt
00:00:05]} 5. Nc3 {[%clk 01:32:42]} {[%emt 00:00:06]} d6 {[%clk 01:32:26]}
{[%emt 00:00:08]} 6. Bc4 {[%clk 01:33:02]} {[%emt 00:00:11]} Bg7 {[%clk
01:32:51]} {[%emt 00:00:05]} 7. f3 {[%clk 01:33:08]} {[%emt 00:00:24]} O-O
{[%clk 01:33:13]} {[%emt 00:00:08]} 8. Be3 {[%clk 01:33:32]} {[%emt 00:00:06]}
Nc6 {[%clk 01:33:39]} {[%emt 00:00:04]} 9. Qd2 {[%clk 01:33:21]} {[%emt
00:00:40]} Bd7 {[%clk 01:34:03]} {[%emt 00:00:06]} 10. O-O-O {[%clk 01:33:46]}
{[%emt 00:00:05]} Rc8 {[%clk 01:34:26]} {[%emt 00:00:07]} 11. Bb3 {[%clk
01:34:05]} {[%emt 00:00:12]} Ne5 {[%clk 01:34:50]} {[%emt 00:00:06]} 12. g4
{[%clk 01:33:39]} {[%emt 00:00:55]} Nc4 {[%clk 01:34:44]} {[%emt 00:00:36]} 13.
Bxc4 {[%clk 01:34:05]} {[%emt 00:00:05]} Rxc4 {[%clk 01:35:10]} {[%emt
00:00:04]} 14. h4 {[%clk 01:33:42]} {[%emt 00:00:52]} Qa5 {[%clk 01:31:04]}
{[%emt 00:04:35]} 15. Nb3 {[%clk 01:31:08]} {[%emt 00:03:05]} Qc7 {[%clk
01:30:45]} {[%emt 00:00:49]} 16. h5 {[%clk 01:30:11]} {[%emt 00:01:27]} b5
{[%clk 01:26:58]} {[%emt 00:04:18]} 17. hxg6 {[%clk 01:29:56]} {[%emt
00:00:45]} fxg6 {[%clk 01:26:17]} {[%emt 00:01:10]} 18. e5 {[%clk 01:07:40]}
{[%emt 00:22:46]} b4 {[%clk 01:07:53]} {[%emt 00:18:54]} 19. exf6 {[%clk
01:06:56]} {[%emt 00:01:15]} bxc3 {[%clk 01:06:22]} {[%emt 00:02:00]} 20. Qh2
{[%clk 01:04:38]} {[%emt 00:02:47]} cxb2+ {[%clk 01:04:59]} {[%emt 00:01:54]}
21. Kb1 {[%clk 01:05:00]} {[%emt 00:00:09]} exf6 {[%clk 01:03:38]} {[%emt
00:01:50]} 22. Qxh7+ {[%clk 00:55:28]} {[%emt 00:10:03]} Kf7 {[%clk 01:04:03]}
{[%emt 00:00:05]} 23. Rh6 {[%clk 00:55:33]} {[%emt 00:00:25]} Rg8 {[%clk
00:59:41]} {[%emt 00:04:51]} 24. Rxg6 {[%clk 00:47:30]} {[%emt 00:08:34]} Be6
{[%emt 00:10:45]} 25. Bh6 {[%clk 00:43:36]} {[%emt 00:04:24]} Kf8 {[%clk
00:49:24]} {[%emt 00:00:31]} 26. Rxf6+ {[%clk 00:42:39]} {[%emt 00:01:27]} Bf7
{[%clk 00:49:39]} {[%emt 00:00:15]} 27. Rfxd6 {[%clk 00:41:55]} {[%emt
00:01:14]} Bxh6 {[%clk 00:48:40]} {[%emt 00:01:29]} 28. Rd8+ {[%clk 00:41:14]}
{[%emt 00:01:11]} Be8 {[%clk 00:48:27]} {[%emt 00:00:43]} 29. Qxh6+ {[%clk
00:38:28]} {[%emt 00:03:17]} Rg7 {[%clk 00:48:11]} {[%emt 00:00:44]} 30. Qh8+
{[%clk 00:38:20]} {[%emt 00:00:39]} 1-0

[Event "DVM U16 2023"]
[Site "Magdeburg GER"]
[Date "2023.12.27"]
[Round "2"]
[White "Englert, Luca"]
[Black "Mohylnyi, Stepan"]
[Result "0-1"]
[Termination "normal"]
[Board "3.1"]
[WhiteElo "2149"]
[BlackElo "2180"]
[WhiteClock "00:33:08"]
[BlackClock "00:31:12"]
[WhiteTeam "VfB Schach Leipzig"]
[BlackTeam "SC Noris-Tarrasch Nürnberg 1873"]
[PlyCount "184"]
[WhiteFideId "16293088"]
[BlackFideId "34127836"]
[EventCountry "GER"]
[EventRounds "7"]
[EventType "team-swiss"]
[EventDate "2023.12.26"]

1. e4 {[%clk 01:30:58]} {[%emt 00:00:01]} e6 {[%clk 01:30:56]} {[%emt
00:00:04]} 2. d4 {[%clk 01:31:23]} {[%emt 00:00:06]} d5 {[%clk 01:31:21]}
{[%emt 00:00:04]} 3. Nd2 {[%clk 01:31:50]} {[%emt 00:00:04]} Nf6 {[%clk
01:31:45]} {[%emt 00:00:07]} 4. e5 {[%clk 01:32:15]} {[%emt 00:00:04]} Nfd7
{[%clk 01:32:11]} {[%emt 00:00:04]} 5. f4 {[%clk 01:32:38]} {[%emt 00:00:07]}
c5 {[%clk 01:32:38]} {[%emt 00:00:02]} 6. c3 {[%clk 01:33:04]} {[%emt
00:00:05]} cxd4 {[%clk 01:32:32]} {[%emt 00:00:36]} 7. cxd4 {[%clk 01:33:24]}
{[%emt 00:00:10]} Nc6 {[%clk 01:32:57]} {[%emt 00:00:05]} 8. Ndf3 {[%clk
01:33:49]} {[%emt 00:00:05]} Qa5+ {[%clk 01:32:06]} {[%emt 00:01:21]} 9. Bd2
{[%clk 01:34:05]} {[%emt 00:00:14]} Bb4 {[%clk 01:32:30]} {[%emt 00:00:05]} 10.
Bd3 {[%clk 01:32:59]} {[%emt 00:01:37]} Bxd2+ {[%clk 01:31:53]} {[%emt
00:01:08]} 11. Qxd2 {[%clk 01:33:22]} {[%emt 00:00:06]} Qxd2+ {[%clk 01:32:02]}
{[%emt 00:00:22]} 12. Kxd2 {[%clk 01:33:45]} {[%emt 00:00:06]} Nb6 {[%clk
01:31:49]} {[%emt 00:00:43]} 13. b3 {[%clk 01:26:00]} {[%emt 00:08:14]} Bd7
{[%clk 01:31:29]} {[%emt 00:00:51]} 14. Ne2 {[%clk 01:25:53]} {[%emt 00:00:37]}
Nb4 {[%clk 01:31:04]} {[%emt 00:00:55]} 15. Bb1 {[%clk 01:23:20]} {[%emt
00:03:02]} O-O {[%clk 01:29:17]} {[%emt 00:02:17]} 16. Rc1 {[%clk 01:16:58]}
{[%emt 00:06:52]} Rac8 {[%clk 01:28:39]} {[%emt 00:01:09]} 17. a3 {[%clk
01:17:09]} {[%emt 00:00:18]} Nc6 {[%clk 01:27:26]} {[%emt 00:01:43]} 18. Ba2
{[%clk 01:16:13]} {[%emt 00:01:26]} a5 {[%clk 01:23:46]} {[%emt 00:04:10]} 19.
Rc2 {[%clk 01:13:47]} {[%emt 00:02:57]} a4 {[%clk 01:22:14]} {[%emt 00:02:02]}
20. bxa4 {[%clk 01:04:43]} {[%emt 00:09:34]} Na5 {[%clk 01:21:05]} {[%emt
00:01:39]} 21. Rxc8 {[%clk 01:03:28]} {[%emt 00:01:45]} Rxc8 {[%clk 01:21:26]}
{[%emt 00:00:09]} 22. Nc3 {[%clk 01:01:04]} {[%emt 00:02:53]} Nxa4 {[%clk
00:56:11]} {[%emt 00:25:45]} 23. Nxa4 {[%clk 01:00:32]} {[%emt 00:01:02]} Bxa4
{[%clk 00:56:34]} {[%emt 00:00:07]} 24. Rc1 {[%clk 01:00:54]} {[%emt 00:00:09]}
Ra8 {[%clk 00:50:49]} {[%emt 00:06:15]} 25. Rc3 {[%clk 00:58:10]} {[%emt
00:03:13]} Bb5 {[%clk 00:50:45]} {[%emt 00:00:34]} 26. Kc1 {[%clk 00:53:12]}
{[%emt 00:05:28]} Bc4 {[%clk 00:47:59]} {[%emt 00:03:17]} 27. Kb2 {[%clk
00:51:51]} {[%emt 00:01:50]} Bxa2 {[%clk 00:41:25]} {[%emt 00:07:04]} 28. Kxa2
{[%clk 00:52:19]} {[%emt 00:00:02]} Nc4 {[%clk 00:41:50]} {[%emt 00:00:06]} 29.
Ne1 {[%clk 00:52:12]} {[%emt 00:00:37]} Kf8 {[%clk 00:40:17]} {[%emt 00:02:03]}
30. Nc2 {[%clk 00:50:50]} {[%emt 00:01:52]} Ke7 {[%clk 00:38:43]} {[%emt
00:02:04]} 31. Rb3 {[%clk 00:49:23]} {[%emt 00:01:57]} b6 {[%clk 00:38:41]}
{[%emt 00:00:32]} 32. Ne3 {[%clk 00:48:19]} {[%emt 00:01:34]} Nxe3 {[%clk
00:38:36]} {[%emt 00:00:36]} 33. Rxe3 {[%clk 00:48:42]} {[%emt 00:00:05]} Ra4
{[%clk 00:38:54]} {[%emt 00:00:13]} 34. Rd3 {[%clk 00:48:03]} {[%emt 00:01:09]}
Rc4 {[%clk 00:37:38]} {[%emt 00:01:46]} 35. Kb3 {[%clk 00:46:51]} {[%emt
00:01:42]} Kd7 {[%clk 00:37:42]} {[%emt 00:00:26]} 36. Rd1 {[%clk 00:46:13]}
{[%emt 00:01:08]} h5 {[%clk 00:35:36]} {[%emt 00:02:36]} 37. g3 {[%clk
00:45:55]} {[%emt 00:00:48]} g6 {[%clk 00:33:35]} {[%emt 00:02:32]} 38. a4
{[%clk 00:41:04]} {[%emt 00:05:20]} Kc6 {[%clk 00:32:53]} {[%emt 00:01:11]} 39.
Rd2 {[%clk 00:38:12]} {[%emt 00:03:22]} Kb7 {[%clk 00:32:31]} {[%emt 00:00:52]}
40. Rd3 {[%clk 00:35:20]} {[%emt 00:03:22]} Ka6 {[%clk 00:29:01]} {[%emt
00:04:01]} 41. Rc3 {[%clk 00:34:35]} {[%emt 00:01:15]} Ka5 {[%clk 00:29:18]}
{[%emt 00:00:12]} 42. Rxc4 {[%clk 00:30:52]} {[%emt 00:04:14]} dxc4+ {[%clk
00:29:36]} {[%emt 00:00:12]} 43. Ka3 {[%clk 00:26:16]} {[%emt 00:05:05]} c3
{[%clk 00:27:22]} {[%emt 00:02:45]} 44. h3 {[%clk 00:24:37]} {[%emt 00:02:09]}
c2 {[%clk 00:27:32]} {[%emt 00:00:19]} 45. Kb2 {[%clk 00:25:06]} {[%emt
00:00:01]} Kxa4 {[%clk 00:27:34]} {[%emt 00:00:28]} 46. g4 {[%clk 00:24:55]}
{[%emt 00:00:41]} hxg4 {[%clk 00:27:42]} {[%emt 00:00:23]} 47. hxg4 {[%clk
00:25:14]} {[%emt 00:00:11]} Kb4 {[%clk 00:27:53]} {[%emt 00:00:19]} 48. d5
{[%clk 00:25:11]} {[%emt 00:00:33]} exd5 {[%clk 00:23:52]} {[%emt 00:04:31]}
49. f5 {[%clk 00:25:40]} gxf5 {[%clk 00:09:29]} {[%emt 00:14:52]} 50. e6 {[%clk
00:26:09]} {[%emt 00:00:01]} fxe6 {[%clk 00:09:27]} {[%emt 00:00:33]} 51. g5
{[%clk 00:26:38]} {[%emt 00:00:01]} f4 {[%clk 00:09:57]} 52. Kxc2 {[%clk
00:26:43]} {[%emt 00:00:25]} f3 {[%clk 00:07:17]} {[%emt 00:03:10]} 53. Kd2
{[%clk 00:26:57]} {[%emt 00:00:15]} d4 {[%clk 00:05:41]} {[%emt 00:02:06]} 54.
g6 {[%clk 00:26:54]} {[%emt 00:00:33]} f2 {[%clk 00:05:59]} {[%emt 00:00:13]}
55. Ke2 {[%clk 00:27:17]} {[%emt 00:00:07]} Kc3 {[%clk 00:06:17]} {[%emt
00:00:11]} 56. g7 {[%clk 00:27:13]} {[%emt 00:00:35]} d3+ {[%clk 00:05:09]}
{[%emt 00:01:38]} 57. Kxf2 {[%clk 00:27:37]} {[%emt 00:00:06]} d2 {[%clk
00:05:33]} {[%emt 00:00:06]} 58. g8=Q {[%clk 00:26:54]} {[%emt 00:01:13]} d1=Q
{[%clk 00:05:56]} {[%emt 00:00:07]} 59. Qc8+ {[%clk 00:26:05]} {[%emt
00:01:18]} Kb4 {[%clk 00:05:38]} {[%emt 00:00:48]} 60. Qxe6 {[%clk 00:25:43]}
{[%emt 00:00:53]} Qd4+ {[%clk 00:05:43]} {[%emt 00:00:24]} 61. Kg2 {[%clk
00:22:54]} {[%emt 00:03:19]} b5 {[%clk 00:03:57]} {[%emt 00:02:16]} 62. Qe7+
{[%clk 00:22:33]} {[%emt 00:00:51]} Ka4 {[%clk 00:02:57]} {[%emt 00:01:31]} 63.
Qe8 {[%clk 00:22:22]} {[%emt 00:00:41]} Qc4 {[%clk 00:01:50]} {[%emt 00:01:32]}
64. Kh1 {[%clk 00:21:25]} {[%emt 00:01:29]} Kb3 {[%clk 00:00:56]} {[%emt
00:01:26]} 65. Qe3+ {[%clk 00:20:56]} {[%emt 00:01:00]} Kb2 {[%clk 00:29:52]}
{[%emt 00:01:34]} 66. Qe5+ {[%clk 00:50:23]} {[%emt 00:01:03]} Ka2 {[%clk
00:29:43]} {[%emt 00:00:38]} 67. Qh2+ {[%clk 00:50:06]} {[%emt 00:00:47]} Ka3
{[%clk 00:30:03]} {[%emt 00:00:11]} 68. Qg3+ {[%clk 00:49:40]} {[%emt
00:00:55]} Qb3 {[%clk 00:30:26]} {[%emt 00:00:08]} 69. Qd6+ {[%clk 00:49:06]}
{[%emt 00:01:04]} b4 {[%clk 00:30:49]} {[%emt 00:00:07]} 70. Qg3 {[%clk
00:45:28]} {[%emt 00:04:08]} Kb2 {[%clk 00:29:34]} {[%emt 00:01:44]} 71. Qf2+
{[%clk 00:45:43]} {[%emt 00:00:14]} Qc2 {[%clk 00:29:00]} {[%emt 00:01:05]} 72.
Qd4+ {[%clk 00:46:03]} {[%emt 00:00:10]} Qc3 {[%clk 00:29:24]} {[%emt
00:00:06]} 73. Qf2+ {[%clk 00:46:16]} {[%emt 00:00:18]} Kb1 {[%clk 00:29:48]}
{[%emt 00:00:06]} 74. Qf5+ {[%clk 00:45:18]} {[%emt 00:01:27]} Qc2 {[%clk
00:29:59]} {[%emt 00:00:19]} 75. Qf2 {[%clk 00:43:42]} {[%emt 00:02:03]} b3
{[%clk 00:30:24]} {[%emt 00:00:09]} 76. Qf3 {[%clk 00:43:27]} {[%emt 00:00:45]}
b2 {[%clk 00:30:48]} {[%emt 00:00:06]} 77. Qf2 {[%clk 00:43:47]} {[%emt
00:00:10]} Qc1 {[%clk 00:31:14]} {[%emt 00:00:04]} 78. Kh2 {[%clk 00:43:55]}
{[%emt 00:00:22]} Qh6+ {[%clk 00:31:10]} {[%emt 00:00:33]} 79. Kg3 {[%clk
00:41:20]} {[%emt 00:03:05]} Qg7+ {[%clk 00:31:37]} {[%emt 00:00:03]} 80. Kh4
{[%clk 00:40:03]} {[%emt 00:01:46]} Ka1 {[%clk 00:31:51]} {[%emt 00:00:17]} 81.
Qc5 {[%clk 00:37:55]} {[%emt 00:02:38]} Qh8+ {[%clk 00:30:04]} {[%emt
00:02:18]} 82. Kg4 {[%clk 00:36:57]} {[%emt 00:01:28]} Qa8 {[%clk 00:29:57]}
{[%emt 00:00:36]} 83. Qc3 {[%clk 00:36:08]} {[%emt 00:01:19]} Qa4+ {[%clk
00:30:12]} {[%emt 00:00:15]} 84. Kh5 {[%clk 00:35:50]} {[%emt 00:00:47]} Ka2
{[%clk 00:29:23]} {[%emt 00:01:20]} 85. Qd2 {[%clk 00:35:59]} {[%emt 00:00:21]}
Qb5+ {[%clk 00:29:26]} {[%emt 00:00:28]} 86. Kh6 {[%clk 00:35:53]} {[%emt
00:00:35]} Qc5 {[%clk 00:29:48]} {[%emt 00:00:09]} 87. Qe2 {[%clk 00:34:21]}
{[%emt 00:02:01]} Qd6+ {[%clk 00:29:45]} {[%emt 00:00:33]} 88. Kg7 {[%clk
00:34:02]} {[%emt 00:00:49]} Ka1 {[%clk 00:30:04]} {[%emt 00:00:11]} 89. Qe1+
{[%clk 00:32:34]} {[%emt 00:01:58]} b1=Q {[%clk 00:30:23]} {[%emt 00:00:12]}
90. Qa5+ {[%clk 00:32:59]} {[%emt 00:00:05]} Kb2 {[%clk 00:30:38]} {[%emt
00:00:15]} 91. Qb5+ {[%clk 00:33:18]} {[%emt 00:00:11]} Kc2 {[%clk 00:30:54]}
{[%emt 00:00:13]} 92. Qc4+ {[%clk 00:33:08]} {[%emt 00:00:41]} Kd2 {[%clk
00:31:12]} {[%emt 00:00:11]} 0-1

[Event "DVM U16 2023"]
[Site "Magdeburg GER"]
[Date "2023.12.27"]
[Round "2"]
[White "Widmann, Maximilian"]
[Black "Danninger, Hugo Kian"]
[Result "1/2-1/2"]
[Termination "normal"]
[Board "3.3"]
[WhiteElo "1611"]
[BlackElo "1787"]
[WhiteClock "00:19:44"]
[BlackClock "00:35:47"]
[WhiteTeam "VfB Schach Leipzig"]
[BlackTeam "SC Noris-Tarrasch Nürnberg 1873"]
[PlyCount "45"]
[WhiteFideId "16281691"]
[BlackFideId "16271246"]
[EventCountry "GER"]
[EventRounds "7"]
[EventType "team-swiss"]
[EventDate "2023.12.26"]

1. Nf3 {[%clk 01:30:57]} {[%emt 00:00:03]} d5 {[%clk 01:30:44]} {[%emt
00:00:17]} 2. c4 {[%clk 01:31:18]} {[%emt 00:00:09]} e6 {[%clk 01:30:55]}
{[%emt 00:00:18]} 3. d4 {[%clk 01:30:57]} {[%emt 00:00:51]} Nf6 {[%clk
01:31:21]} {[%emt 00:00:05]} 4. g3 {[%clk 01:30:34]} {[%emt 00:00:53]} Be7
{[%clk 01:31:45]} {[%emt 00:00:06]} 5. Bg2 {[%clk 01:30:42]} {[%emt 00:00:22]}
O-O {[%clk 01:32:09]} {[%emt 00:00:05]} 6. cxd5 {[%clk 01:30:21]} {[%emt
00:00:51]} exd5 {[%clk 01:32:30]} {[%emt 00:00:09]} 7. O-O {[%clk 01:30:03]}
{[%emt 00:00:49]} c6 {[%clk 01:23:02]} {[%emt 00:09:57]} 8. Nc3 {[%clk
01:23:38]} {[%emt 00:06:55]} Bf5 {[%clk 01:23:16]} {[%emt 00:00:16]} 9. a3
{[%clk 01:20:07]} {[%emt 00:04:01]} a5 {[%clk 01:23:19]} {[%emt 00:00:27]} 10.
b3 {[%clk 01:17:38]} {[%emt 00:03:00]} Nbd7 {[%clk 01:23:13]} {[%emt 00:00:36]}
11. Bb2 {[%clk 01:14:05]} {[%emt 00:04:02]} h6 {[%clk 01:22:35]} {[%emt
00:01:08]} 12. Rc1 {[%clk 01:04:44]} {[%emt 00:09:51]} Bd6 {[%clk 01:22:08]}
{[%emt 00:00:57]} 13. Nd2 {[%clk 00:53:22]} {[%emt 00:11:52]} Qe7 {[%clk
01:22:11]} {[%emt 00:00:27]} 14. a4 {[%clk 00:49:57]} {[%emt 00:03:55]} Rfe8
{[%clk 01:22:08]} {[%emt 00:00:33]} 15. e3 {[%clk 00:49:23]} {[%emt 00:01:05]}
Nf8 {[%clk 01:06:42]} {[%emt 00:15:56]} 16. Re1 {[%clk 00:47:48]} {[%emt
00:02:05]} Bb4 {[%clk 01:06:53]} {[%emt 00:00:19]} 17. Ra1 {[%clk 00:43:40]}
{[%emt 00:04:37]} N8h7 {[%clk 01:06:42]} {[%emt 00:00:41]} 18. Qc1 {[%clk
00:41:30]} {[%emt 00:02:40]} Ng5 {[%clk 01:06:38]} {[%emt 00:00:34]} 19. Ba3
{[%clk 00:37:41]} {[%emt 00:04:19]} Nfe4 {[%clk 00:59:51]} {[%emt 00:07:17]}
20. Ncxe4 {[%clk 00:35:29]} {[%emt 00:02:43]} dxe4 {[%clk 00:59:59]} {[%emt
00:00:21]} 21. Bxb4 {[%clk 00:31:29]} {[%emt 00:04:30]} Qxb4 {[%clk 00:57:32]}
{[%emt 00:02:57]} 22. Qc2 {[%clk 00:27:20]} {[%emt 00:04:40]} Qe7 {[%clk
00:35:47]} {[%emt 00:22:14]} 23. Nc4 {[%clk 00:19:44]} {[%emt 00:08:06]}
1/2-1/2